| 000 | 00528nam a2200217Ia 4500 | ||
|---|---|---|---|
| 008 | 210210b2013 xxu||||| |||| 00| 0 eng d | ||
| 041 | _aeng | ||
| 082 | _a658.002 SREC | ||
| 100 | _aSREE PADMASREE PUBLICATIONS | ||
| 245 | _aC MAT: common management aptitude test | ||
| 260 |
_aBangalore _bPadmashri Prakashana _c2013 |
||
| 300 | _avi,404 | ||
| 650 | _atest | ||
| 650 | _aMAT: | ||
| 650 | _amanagement | ||
| 650 | _acommon | ||
| 650 | _aC | ||
| 650 | _aaptitude | ||
| 690 | _aManagement Entrance | ||
| 906 | _a067593 | ||
| 999 |
_c150636 _d150636 |
||